| 000 | 01343cab a2200277 4500 | ||
|---|---|---|---|
| 001 | WB2824-46 | ||
| 008 | 090401t1992 xxu||||| |||| 00| 0 eng d | ||
| 035 | _a(Sirsi) u39329 | ||
| 041 | _aeng | ||
| 245 | _aEC: discrimination | ||
| 260 | _c1992 | ||
| 350 | _a0 | ||
| 490 |
_aEstates Gazette Case Summaries _v1992 EGCS 78(1) 13/6/92 |
||
| 520 | _a"Colegio Oficial de Agentes de la Propiedad Immobiliaria v Borrell and others" Court of Justice of the European Communities 7 May 1992. Concerned with the discrimination on grounds of nationality against an estate agent, (member of the RICS) who set himself up in business in Spain before his qualifications were recognised by host state. Held that according to the rules of freedom of establishment laid down in S52 of EC Directive 67/43, a host state must take into account existing qualifications. If these are found to be equivalent to those of the host state, they must automatically be recognised. | ||
| 650 | _aDISCRIMINATION | ||
| 650 | _aDIRECTIVE 67/43/EEC | ||
| 650 | _aEUROPE | ||
| 650 | _aFREEDOM OF ESTABLISHMENT | ||
| 650 | _aGROUNDS OF NATIONALITY | ||
| 650 | _aMUTUAL RECOGNITION OF QUALIFICATIONS | ||
| 650 | _aSPAIN | ||
| 690 | _aEUROPE-SINGLE MARKET | ||
| 690 | _aMANAGEMENT-BUSINESS MANAGEMENT-PROFESSIONAL PRACTICE | ||
| 942 | _n0 | ||
| 948 | _c04/03/1997 | ||
| 999 |
_c25248 _d25248 |
||